1380 1093 1379 1572 1527 1680 1671 1143 1487 1634 1554 1231 1160 1439 1270 1782 1756 1373 1628 1439 1467 1638 1570 1535 1451 1380 1922 1420 1854 1861 1484 1774 1517 1373 1091 1299 1933 1697 1719 1559 1400 1175 1552 1402 1454 1529 1905 1177 1448 1566 1364 1098 1802 1798 1025 1690 1297 1746 1460 1253 1411 1853 1084 1736 1581 1072 1166 1240 1965 1489 1395 1416 1044 1540 1311 1419 1576 1036 1300 1192 1073 1826 1435 1209 1103 1390 1878 1190 1969 1427 1524 1000 1116 1760 1810 1298 1217 1124 1188 BCNSPRNW ULIB Ver.6.0+V

เปลี่ยนเป็นภาษาไทย

Change to English
 แสดงรายละเอียดบรรณานุกรม
  กลับหน้าหลัก

Brief Record : Get Marc (ISO 2709) : E-mail record : QR code < ปิดหน้าต่าง
LEADER : 00000nam 2200000uu 4500
001    13399122388
003     ULIB
008    121016s2553||||th 000 0 tha d
020    ^a9786167243030
090    ^aนว.^bP984ล
100    ^aPunch
245    ^aลิขิตรักมายาทะเลทราย/^cPunch
250    ^aพิมพ์ครั้งที่ 1
260    ^aกรุงเทพฯ :^bภัทรโญธิน,^c2553
300    ^a232 หน้า
710 1  ^aภัทรโญธิน
945    ^p229^l0^i16986
995    ^aทศพร
999 ^a กัณชพร
รายการนี้ยังไม่มีแท็ก
คุณยังไม่ได้ล็อกอิน คุณสามารถมีกิจกรรมร่วมกับเว็บไซต์ได้ แต่ต้องล็อกอินก่อน ::
  ล็อกอิน

รายการสื่อสารสนเทศ

ลำดับที่ ประเภท เลขเรียก/บาร์โค้ด สถานที่ สถานะ
1. นวนิยาย
นวนิยาย
นว. P984ล ฉ.1 
  Barcode: 16986
ห้องสมุดวิทยาเขตสวรรค์ประชารักษ์
►นวนิยาย
บนชั้น
  ขอยืม

รายการใกล้เคียง
    ผู้แต่ง [Punch]

BibComment


ยังไม่เคยถูกคอมเมนท์

คอมเมนท์ทรัพยากรรายการนี้
  คอมเมนท์: ลิขิตรักมายาทะเล..


 Copyright 2026. Bcnsprnw @Library